| 000 | 00745nam a2200253 i 4500 | ||
|---|---|---|---|
| 999 |
_c16696 _d16696 |
||
| 001 | 2204289 | ||
| 003 | ARRUPE | ||
| 005 | 20170927101631.0 | ||
| 008 | 741029s1974 nyua b 001 0 eng | ||
| 010 | _a 74001641 | ||
| 020 | _a0030114764 | ||
| 040 |
_aDLC _cDLC _dDLC |
||
| 050 | 0 | 0 |
_aGN24 _b.H32 |
| 082 | 0 | 0 | _a301.2 |
| 100 | 1 |
_aHaviland, William A. _936282 |
|
| 245 | 1 | 0 |
_aAnthropology / _cWilliam A. Haviland. |
| 260 |
_aNew York : _bHolt, Rinehart and Winston, _c[1974] |
||
| 300 |
_axxx, 639 p. : _bill. ; _c25 cm. |
||
| 500 | _a"A Leogryph book." | ||
| 500 | _aIncludes index. | ||
| 504 | _aBibliography: p. 613-626. | ||
| 650 | 0 |
_aAnthropology. _936283 |
|
| 906 |
_a7 _bcbc _corignew _d2 _eocip _f19 _gy-gencatlg |
||
| 942 |
_2lcc _cMONOGRAPH |
||